000 00622nam a2200229 a 4500
999 _c8484
_d8484
001 8483
003 BD-JhCC
005 20180225131455.0
008 180222s bg a|||| |||| 000 0 eng d
020 _a9847730008
035 _a(BD-JhCC)8483
040 _aBD-JhCC
_dBD-JhCC
041 _aeng
082 _a913
_bMIA
100 _aMiah, Md. Abul Hashem
245 _aArchaeological Survey Report of Greater Faridpur District /
_cMd. Abul Hashem Miah
260 _aDhaka :
_bDepartment of Archaeology,
300 _a188 p. :
_bill. ,
_c24 cm.
650 _aArchology
_zBangladesh
942 _2ddc
_cBK